[Event "Titled Tue 26th Aug Late"]
[Site "chess.com INT"]
[Date "2025.08.26"]
[Round "6"]
[White "Gubajdullin, Alexei"]
[Black "Dessyn, Timothee"]
[Result "1-0"]
[WhiteTitle "FM"]
[BlackTitle "FM"]
[WhiteElo "2228"]
[BlackElo "2334"]
[WhiteFideId "4141202"]
[BlackFideId "651028859"]
[EventDate "2025.08.26"]

1. Nf3 d5 2. g3 Nf6 3. Bg2 e6 4. O-O Be7 5. d3 O-O 6. Nbd2 c5 7. e4 Nc6 8. e5
Nd7 9. Re1 b5 10. Nf1 a5 11. h4 b4 12. h5 a4 13. h6 g6 14. a3 bxa3 15. bxa3 Ba6
16. N1h2 Rb8 17. Ng4 c4 18. d4 c3 19. Be3 Rb2 20. Qc1 Na5 21. Bg5 Nc4 22. Bxe7
Qxe7 23. Bf1 Ra8 24. Bxc4 Bxc4 25. Re3 f5 26. exf6 Nxf6 27. Nxf6+ Qxf6 28. Rxc3
Rab8 29. Ne5 Ba2 30. Qe3 Bb1 31. Rc7 g5 32. Rg7+ Kh8 33. Nf7+ 1-0

[Event "Titled Tue 26th Aug Late"]
[Site "chess.com INT"]
[Date "2025.08.26"]
[Round "6"]
[White "Bluebaum, Matthias"]
[Black "Janaszak, Dawid"]
[Result "1-0"]
[WhiteTitle "GM"]
[BlackTitle "FM"]
[WhiteElo "2660"]
[BlackElo "2306"]
[WhiteFideId "24651516"]
[BlackFideId "1119206"]
[EventDate "2025.08.26"]

1. d4 Nf6 2. c4 c5 3. d5 b5 4. cxb5 a6 5. bxa6 Bxa6 6. Nc3 g6 7. e4 Bxf1 8. Kxf1
d6 9. g3 Bg7 10. Kg2 O-O 11. Nf3 Qb6 12. Qe2 Qa6 13. Qc2 Nbd7 14. a4 Rfb8 15.
Ra3 Rb4 16. Nb5 Qb7 17. Re1 Nb6 18. b3 c4 19. Nbd4 cxb3 20. Rxb3 Rxb3 21. Qxb3
Rxa4 22. Be3 Nxe4 23. Nc6 Nc5 24. Bxc5 dxc5 25. Rxe7 Qa6 26. d6 c4 27. Re8+ Bf8
28. Qc3 Nd7 29. Ne7# 1-0

[Event "Titled Tue 26th Aug Late"]
[Site "chess.com INT"]
[Date "2025.08.26"]
[Round "6"]
[White "Dubnevych, Maksym"]
[Black "Silva, Luca"]
[Result "1-0"]
[WhiteTitle "FM"]
[BlackTitle "FM"]
[WhiteElo "2296"]
[BlackElo "2214"]
[WhiteFideId "14184001"]
[BlackFideId "147370"]
[EventDate "2025.08.26"]

1. Nc3 d5 2. e4 e6 3. d4 Nf6 4. e5 Nfd7 5. Nce2 c5 6. c3 Nc6 7. Nf3 Qa5 8. dxc5
Qxc5 9. Bf4 Qb6 10. Qd2 a5 11. Ned4 Bc5 12. Be2 a4 13. O-O O-O 14. Rad1 Bxd4 15.
cxd4 a3 16. b3 Qb4 17. Qc2 Nb6 18. Ng5 g6 19. Nf3 Bd7 20. Bg5 Rfc8 21. Qd3 Qf8
22. Qd2 Nb4 23. Rc1 Rxc1 24. Rxc1 Rc8 25. Rxc8 Nxc8 26. h4 Na7 27. Nh2 Bb5 28.
Bxb5 Nxb5 29. Ng4 Nc6 30. Nh6+ Kh8 31. Bf6+ Qg7 32. Nxf7+ Kg8 33. Bxg7 Kxg7 34.
Qh6+ Kxf7 35. Qxh7+ Kf8 36. Qxg6 Ncxd4 37. h5 Nf5 38. Qxe6 Nbd4 39. Qf6+ Kg8 40.
Qg6+ Kf8 41. h6 Nh4 42. Qf6+ 1-0

[Event "Titled Tue 26th Aug Late"]
[Site "chess.com INT"]
[Date "2025.08.26"]
[Round "6"]
[White "Hungaski, Robert"]
[Black "Ragger, Markus"]
[Result "0-1"]
[WhiteTitle "GM"]
[BlackTitle "GM"]
[WhiteElo "2477"]
[BlackElo "2569"]
[WhiteFideId "2021030"]
[BlackFideId "1610856"]
[EventDate "2025.08.26"]

1. h3 e5 2. e3 d5 3. d4 Nd7 4. Nf3 e4 5. Nfd2 Ngf6 6. c4 c6 7. Nc3 Bd6 8. Rb1
O-O 9. b4 a6 10. a4 Qe7 11. Qb3 Rd8 12. b5 axb5 13. axb5 c5 14. Nxd5 Nxd5 15.
cxd5 cxd4 16. Nc4 d3 17. Nxd6 Qxd6 18. Bb2 Nc5 19. Qc3 f6 20. g4 Qxd5 21. Bg2
d2+ 22. Kd1 Be6 23. Ba1 Nd3 24. Ke2 Rac8 25. Qd4 Nc1+ 26. Kd1 Qa2 27. Qxe4 Qb3+
28. Rxb3 Bxb3+ 29. Qc2 Bxc2# 0-1

[Event "Titled Tue 26th Aug Late"]
[Site "chess.com INT"]
[Date "2025.08.26"]
[Round "6"]
[White "Ono, David"]
[Black "Goncharov, Vladimir"]
[Result "0-1"]
[WhiteElo "2110"]
[BlackElo "2077"]
[WhiteFideId "146943"]
[BlackFideId "34162256"]
[EventDate "2025.08.26"]

1. c4 Nf6 2. g3 c5 3. Bg2 Nc6 4. Nc3 d6 5. a3 g6 6. Rb1 Bg7 7. b4 O-O 8. Nf3 Bf5
9. d3 b6 10. Nh4 Bd7 11. b5 Nd4 12. Bxa8 Qxa8 13. O-O Bh3 14. Re1 h6 15. Nf3 Ng4
16. Bb2 Ne5 17. Ne4 f5 18. Bxd4 fxe4 19. Nxe5 dxe5 20. Be3 exd3 21. f3 dxe2 22.
Qxe2 Rxf3 23. Rbd1 e4 24. Rd7 Bxd7 0-1

[Event "Titled Tue 26th Aug Late"]
[Site "chess.com INT"]
[Date "2025.08.26"]
[Round "6"]
[White "Mikhalsky, Vladimir"]
[Black "Beulen, Marcel"]
[Result "1-0"]
[BlackTitle "FM"]
[WhiteElo "2219"]
[BlackElo "2359"]
[WhiteFideId "14144352"]
[BlackFideId "1001450"]
[EventDate "2025.08.26"]

1. d4 d5 2. Nc3 Nf6 3. Bf4 c6 4. e3 Bf5 5. f3 Qb6 6. Qd2 Qxb2 7. Rb1 Qxc2 8.
Rxb7 Nbd7 9. g4 Bg6 10. h4 h6 11. Bh3 e6 12. h5 Bh7 13. Nge2 Be7 14. g5 hxg5 15.
Bxg5 Rb8 16. Rxa7 Qxd2+ 17. Kxd2 Nxh5 18. Bxe6 fxe6 19. Rxh5 Nf6 20. Rh4 Kf7 21.
e4 Rb2+ 22. Ke3 1-0

[Event "Titled Tue 26th Aug Late"]
[Site "chess.com INT"]
[Date "2025.08.26"]
[Round "6"]
[White "Sheehan, Ethan"]
[Black "Zhukovskyi, Oleksandr"]
[Result "1-0"]
[BlackTitle "CM"]
[WhiteElo "2323"]
[BlackElo "2145"]
[WhiteFideId "30943965"]
[BlackFideId "14169371"]
[EventDate "2025.08.26"]

1. d4 Nf6 2. Nf3 g6 3. c4 Bg7 4. Nc3 d5 5. cxd5 Nxd5 6. e4 Nxc3 7. bxc3 c5 8.
Bb5+ Nc6 9. O-O O-O 10. Bxc6 bxc6 11. Ba3 cxd4 12. cxd4 Bg4 13. Bc5 Re8 14. Rb1
Bxf3 15. Qxf3 Bxd4 16. Rfd1 e5 17. Rb7 Rf8 18. Bxf8 Qxf8 19. Rdb1 Rc8 20. Qb3
Bb6 21. Rd1 Bd4 22. Rd3 c5 23. Qc4 a5 24. Rf3 Rb8 25. Rfxf7 Rxb7 26. Rxb7+ Kh8
27. Qf7 Qxf7 28. Rxf7 c4 29. Rc7 c3 30. Kf1 Kg8 31. f3 Kf8 32. Ke2 Ke8 33. Kd3
Kd8 34. Rxh7 a4 35. Rb7 c2 36. Kxc2 Kc8 37. Rb5 a3 38. Rd5 Bb2 39. h3 g5 40. Kb3
Kc7 41. Ra5 Kb6 42. Rxa3 Bxa3 43. Kxa3 Kc5 44. Kb3 Kd4 45. a4 Ke3 46. a5 Kf2 47.
a6 Kxg2 48. a7 Kxh3 49. a8=Q Kg3 50. Qf8 Kf2 51. Qf5 Ke3 52. Kc4 Kf2 53. Qxg5
Ke2 54. Qxe5 Kf2 55. Qf4 Ke2 56. e5 Kf2 57. e6 1-0

[Event "Titled Tue 26th Aug Late"]
[Site "chess.com INT"]
[Date "2025.08.26"]
[Round "6"]
[White "Ocampos, Ian"]
[Black "Gustafsson, Jan"]
[Result "1/2-1/2"]
[BlackTitle "GM"]
[WhiteElo "2195"]
[BlackElo "2591"]
[WhiteFideId "117544"]
[BlackFideId "4625498"]
[EventDate "2025.08.26"]

1. e4 c5 2. Nf3 e6 3. d4 cxd4 4. Nxd4 Nc6 5. Bf4 d6 6. Nxc6 bxc6 7. Bd3 Nf6 8.
O-O Be7 9. Nd2 O-O 10. c4 e5 11. Be3 d5 12. exd5 cxd5 13. cxd5 Nxd5 14. Qe2 Bb7
15. Rad1 Nxe3 16. Qxe3 Qb6 17. Qxe5 Bf6 18. Qf5 g6 19. Qf4 Rfd8 20. Nc4 Qd4 21.
Qxd4 Rxd4 22. Be2 Rad8 23. Rxd4 Rxd4 24. b3 Bd5 25. Rc1 Bxc4 26. Bxc4 Rd2 27. a4
Bd4 28. Rf1 a5 29. g3 Kg7 30. Kg2 f5 31. h4 Kf6 32. Kf3 h6 33. Be2 g5 34. hxg5+
hxg5 35. Rd1 g4+ 36. Kg2 Rxd1 37. Bxd1 Kg5 38. f3 gxf3+ 39. Kxf3 Be5 40. Bc2 Bd6
41. Bd3 Kf6 42. Bc4 Kg5 43. Bd3 Kf6 44. Bc4 Kg5 45. Bd3 1/2-1/2

[Event "Titled Tue 26th Aug Late"]
[Site "chess.com INT"]
[Date "2025.08.26"]
[Round "6"]
[White "Demaria, Juan Pablo"]
[Black "Grot, Blazej"]
[Result "0-1"]
[WhiteTitle "FM"]
[BlackTitle "CM"]
[WhiteElo "2215"]
[BlackElo "2207"]
[WhiteFideId "104922"]
[BlackFideId "21835845"]
[EventDate "2025.08.26"]

1. e4 c5 2. Nf3 e6 3. d4 cxd4 4. Nxd4 Nf6 5. Nc3 Nc6 6. Ndb5 Bb4 7. a3 Bxc3+ 8.
Nxc3 d5 9. exd5 exd5 10. Bd3 O-O 11. O-O Re8 12. Bg5 Be6 13. Re1 h6 14. Bh4 Rc8
15. Qf3 a6 16. Rad1 g5 17. Bg3 Kg7 18. h4 Bg4 19. Rxe8 Qxe8 20. hxg5 hxg5 21.
Qe3 Qxe3 22. fxe3 Bxd1 23. Nxd1 Ne4 24. Be1 Ne5 25. Bxe4 dxe4 26. Bc3 f6 27. Nf2
Rc4 28. Kf1 Kg6 29. Ke2 Kf5 30. Kd2 Rc8 31. Bd4 Rh8 32. Ke2 Rh2 33. Kf1 Ng4 34.
Nxg4 Kxg4 35. Bxf6 Rh1+ 36. Kf2 Rc1 37. b4 Rxc2+ 38. Kf1 Ra2 0-1

[Event "Titled Tue 26th Aug Late"]
[Site "chess.com INT"]
[Date "2025.08.26"]
[Round "6"]
[White "Ruperez Benito, Antonio"]
[Black "Khlebovich, Alexander"]
[Result "0-1"]
[WhiteTitle "FM"]
[BlackTitle "IM"]
[WhiteElo "2328"]
[BlackElo "2423"]
[WhiteFideId "22245049"]
[BlackFideId "4169123"]
[EventDate "2025.08.26"]

1. e4 c5 2. Nf3 d6 3. Bb5+ Bd7 4. Bxd7+ Nxd7 5. O-O Ngf6 6. Qe2 e6 7. c3 Be7 8.
d4 O-O 9. e5 dxe5 10. dxe5 Nd5 11. c4 Nb4 12. Nc3 Qc7 13. Bf4 Rfd8 14. Rfd1 Nf8
15. h4 Nc6 16. Nb5 Qb6 17. Bg5 Rxd1+ 18. Rxd1 a6 19. Bxe7 Nxe7 20. Nd6 h6 21.
Qe4 Nc6 22. Qf4 Qc7 23. Rd3 Rd8 24. Rb3 Nxe5 25. Qxe5 Rxd6 26. Rxb7 Rd1+ 27. Kh2
Qxb7 0-1

[Event "Titled Tue 26th Aug Late"]
[Site "chess.com INT"]
[Date "2025.08.26"]
[Round "6"]
[White "Tang, Zoey"]
[Black "Piesik, Piotr"]
[Result "0-1"]
[WhiteTitle "FM"]
[BlackTitle "IM"]
[WhiteElo "2381"]
[BlackElo "2427"]
[WhiteFideId "30952530"]
[BlackFideId "1136194"]
[EventDate "2025.08.26"]

1. d4 c5 2. d5 e5 3. c4 d6 4. Nc3 Be7 5. e4 Bg5 6. Nf3 Bxc1 7. Rxc1 Ne7 8. Be2
O-O 9. O-O Ng6 10. Rb1 Nf4 11. b4 cxb4 12. Rxb4 Na6 13. Rb1 Nc5 14. Re1 Bd7 15.
g3 Nxe2+ 16. Qxe2 Qa5 17. Qe3 a6 18. Nd2 Ba4 19. Nb3 Bxb3 20. axb3 Qb4 21. Ne2
b5 22. f4 f6 23. Qc3 Qxc3 24. Nxc3 b4 25. Nd1 exf4 26. gxf4 Nd3 27. Rf1 Rfe8 28.
Rf3 Nc5 29. Nf2 Nxe4 30. Nxe4 Rxe4 31. Ra1 a5 32. Kf2 Kf7 33. Re3 Rxf4+ 34. Kg3
Rd4 35. Rae1 a4 36. bxa4 Rxc4 37. Re7+ Kg6 38. Rb7 Rxa4 39. Re3 Ra3 40. Rxa3
bxa3 41. Ra7 Rc3+ 42. Kf4 Rd3 0-1

[Event "Titled Tue 26th Aug Late"]
[Site "chess.com INT"]
[Date "2025.08.26"]
[Round "6"]
[White "Henriquez Villagra, Cristobal"]
[Black "Banzea, Alexandru-Bogdan"]
[Result "1-0"]
[WhiteTitle "GM"]
[BlackTitle "IM"]
[WhiteElo "2592"]
[BlackElo "2394"]
[WhiteFideId "3409350"]
[BlackFideId "1232622"]
[EventDate "2025.08.26"]

1. Nf3 Nf6 2. d3 g6 3. e4 d6 4. Be2 c5 5. O-O Bg7 6. a4 O-O 7. c3 Nc6 8. h3 e5
9. Be3 h6 10. Nbd2 Be6 11. Qb1 b6 12. b4 cxb4 13. cxb4 d5 14. b5 Na5 15. Nxe5
Rc8 16. f4 dxe4 17. Nxe4 Nd5 18. Bd2 f5 19. Nf2 Nc3 20. Qe1 Nd5 21. Nxg6 Re8 22.
Ne5 Nb3 23. Rb1 Nd4 24. Bd1 Qd6 25. Nh1 Nf6 26. Ng3 Kh7 27. Kh2 Rg8 28. Be3 Bh8
29. Rb2 Bf7 1-0

[Event "Titled Tue 26th Aug Late"]
[Site "chess.com INT"]
[Date "2025.08.26"]
[Round "6"]
[White "Guz, Ari"]
[Black "Young, Cohen"]
[Result "1-0"]
[WhiteTitle "FM"]
[BlackTitle "CM"]
[WhiteElo "2358"]
[BlackElo "2030"]
[WhiteFideId "2825759"]
[BlackFideId "4317440"]
[EventDate "2025.08.26"]

1. e4 c5 2. Nf3 d6 3. b3 Nf6 4. Bd3 g6 5. Bb2 Bg7 6. O-O O-O 7. c4 Nc6 8. a3 e6
9. Bc2 d5 10. exd5 exd5 11. cxd5 Nxd5 12. Bxg7 Kxg7 13. Nc3 Bg4 14. h3 Bxf3 15.
Qxf3 Nd4 16. Qxd5 Qxd5 17. Nxd5 Nxc2 18. Rac1 Nd4 19. Rxc5 Nxb3 20. Rb5 Nxd2 21.
Rd1 Ne4 22. Rxb7 Rfd8 23. Ne3 Rxd1+ 24. Nxd1 Rd8 25. Ne3 Rd2 26. Ng4 h5 27. Ne5
Rxf2 28. Rxa7 Rf5 29. Nf3 g5 30. a4 g4 31. hxg4 hxg4 32. Nd4 Rd5 33. Ne6+ Kf6
34. Nf4 Rd1+ 35. Kh2 Kg5 36. Ne2 f5 37. a5 Re1 38. Ng3 Nxg3 39. Kxg3 Ra1 40. a6
f4+ 41. Kf2 Ra2+ 42. Kf1 g3 43. Ra8 Ra1+ 44. Ke2 Rg1 45. a7 Rxg2+ 46. Kf1 Rf2+
47. Kg1 Ra2 48. Rg8+ Kh4 49. a8=Q Rxa8 50. Rxa8 Kg4 51. Ra4 Kf3 52. Ra3+ Ke2 53.
Kg2 Ke1 54. Ra2 Kd1 55. Ra4 1-0

[Event "Titled Tue 26th Aug Late"]
[Site "chess.com INT"]
[Date "2025.08.26"]
[Round "6"]
[White "Gkavardinas, Antonios"]
[Black "Popov, Konstantin"]
[Result "0-1"]
[WhiteTitle "FM"]
[BlackTitle "IM"]
[WhiteElo "2297"]
[BlackElo "2397"]
[WhiteFideId "25883097"]
[BlackFideId "34137910"]
[EventDate "2025.08.26"]

1. b3 Nf6 2. Bb2 g6 3. c4 Bg7 4. g3 O-O 5. Bg2 d6 6. Nf3 Nbd7 7. O-O e5 8. d4
Re8 9. dxe5 dxe5 10. Nxe5 Ng4 11. Nxg4 Bxb2 12. Nd2 h5 13. Rb1 Bg7 14. Ne3 c6
15. Ne4 Qe7 16. Qd6 Ne5 17. Qxe7 Rxe7 18. Rbd1 Bd7 19. Nc5 Be8 20. f4 Nd7 21.
Nxd7 Bxd7 22. Bf3 Bh3 23. Ng2 f5 24. Rd6 Kf7 25. Rfd1 Rae8 26. Nh4 Bf6 27. Kf2
c5 28. Rxf6+ Kxf6 29. Rd6+ Re6 30. Rxe6+ Rxe6 31. Bxb7 Bg4 32. e3 Bd1 33. Bd5
Ra6 34. Ke1 Bc2 35. Kd2 Rxa2 36. Kc3 Be4 37. Nf3 Rc2# 0-1

[Event "Titled Tue 26th Aug Late"]
[Site "chess.com INT"]
[Date "2025.08.26"]
[Round "6"]
[White "Goldin, Roman"]
[Black "Winter Atwell, Adrian"]
[Result "1-0"]
[WhiteTitle "FM"]
[BlackTitle "FM"]
[WhiteElo "2284"]
[BlackElo "2090"]
[WhiteFideId "2803860"]
[BlackFideId "7700750"]
[EventDate "2025.08.26"]

1. e4 e5 2. Nf3 Nc6 3. Nc3 Nf6 4. g3 d6 5. Bg2 Bg4 6. h3 Be6 7. d4 exd4 8. Nxd4
Nxd4 9. Qxd4 Be7 10. O-O c6 11. b3 Qb6 12. Qd2 O-O-O 13. Bb2 h5 14. Qe2 h4 15.
g4 Nd7 16. Na4 Qc7 17. Bxg7 Rhg8 18. Bd4 Kb8 19. f4 Nc5 20. Nxc5 dxc5 21. Be5
Bd6 22. Bxd6 Rxd6 23. e5 Rd4 24. c3 Rd7 25. Rad1 Rgd8 26. Rxd7 Rxd7 27. c4 Rd4
28. f5 Bc8 29. e6 fxe6 30. fxe6 Qe7 31. Qe5+ Ka8 32. Rf7 Qe8 33. e7 Rd1+ 34. Kh2 1-0

[Event "Titled Tue 26th Aug Late"]
[Site "chess.com INT"]
[Date "2025.08.26"]
[Round "6"]
[White "Pica, Eleni"]
[Black "Fernandes, Rogerio Paulo Muller"]
[Result "0-1"]
[WhiteTitle "WCM"]
[WhiteElo "1743"]
[BlackElo "2241"]
[WhiteFideId "5910005"]
[BlackFideId "2101599"]
[EventDate "2025.08.26"]

1. d4 Nf6 2. c4 c5 3. d5 b5 4. cxb5 a6 5. b6 d6 6. Nc3 g6 7. Nf3 Bg7 8. e4 O-O
9. Bd3 Nbd7 10. O-O Qxb6 11. Nd2 Ne5 12. Bc2 a5 13. a4 Ba6 14. Re1 Nd3 15. Re3
Nxc1 16. Qxc1 Rfb8 17. b3 Ng4 18. Rg3 Ne5 19. f4 Nd7 20. h4 c4+ 21. Kh1 cxb3 22.
Nxb3 Rc8 23. Qd2 Qb4 24. e5 dxe5 25. Ne4 exf4 26. Rg4 Qxd2 27. Nbxd2 Bxa1 28.
Rxf4 Rxc2 29. Nb3 Be5 30. Rf3 Rb8 0-1

[Event "Titled Tue 26th Aug Late"]
[Site "chess.com INT"]
[Date "2025.08.26"]
[Round "6"]
[White "Babiarz, Arkadiusz"]
[Black "Shurakov, Denis"]
[Result "0-1"]
[WhiteTitle "CM"]
[BlackTitle "CM"]
[WhiteElo "2172"]
[BlackElo "2085"]
[WhiteFideId "21804362"]
[BlackFideId "4149734"]
[EventDate "2025.08.26"]

1. d4 b6 2. c4 Bb7 3. Nc3 Nf6 4. f3 d5 5. cxd5 Nxd5 6. e4 Nxc3 7. bxc3 e6 8. Bd3
Be7 9. Ne2 O-O 10. Be3 Nd7 11. O-O c5 12. Qd2 Rc8 13. Rac1 Re8 14. Ng3 Nf6 15.
Rfd1 Qc7 16. Bf4 Qd7 17. Bb1 Red8 18. e5 Nd5 19. Qd3 g6 20. Bh6 cxd4 21. cxd4
Rxc1 22. Rxc1 Nb4 23. Qb3 Qxd4+ 24. Be3 Qxe5 25. Ne4 Nd5 26. Bf2 Nf4 27. Re1
Bxe4 28. Rxe4 Qg5 29. Bg3 Bc5+ 30. Kf1 Nd5 31. Bh4 Qc1+ 32. Re1 Ne3+ 33. Qxe3
Qc4+ 34. Qe2 Qxh4 35. Be4 Qxh2 0-1

[Event "Titled Tue 26th Aug Late"]
[Site "chess.com INT"]
[Date "2025.08.26"]
[Round "6"]
[White "Joel Paul Ganta"]
[Black "Poleg, Matan"]
[Result "1-0"]
[WhiteTitle "CM"]
[BlackTitle "FM"]
[WhiteElo "2067"]
[BlackElo "2277"]
[WhiteFideId "35066145"]
[BlackFideId "2811472"]
[EventDate "2025.08.26"]

1. Nf3 Nf6 2. e3 b6 3. c4 Bb7 4. Nc3 g6 5. Be2 Bg7 6. O-O O-O 7. b3 Ne4 8. Bb2
Nxc3 9. Bxc3 Bxc3 10. dxc3 d6 11. Qc2 Nd7 12. Rfd1 e5 13. a4 a5 14. b4 Qe7 15.
Rab1 f5 16. c5 Be4 17. cxd6 cxd6 18. Qb3+ Kh8 19. Rbc1 Nf6 20. Ng5 Bc6 21. b5
Bb7 22. Qe6 Qxe6 23. Nxe6 Rfc8 24. Rxd6 Nd5 25. c4 Rab8 26. Kf1 Kg8 27. Rd1 Nc3
28. Rd8+ Rxd8 29. Rxd8+ Rxd8 30. Nxd8 Bxg2+ 31. Kxg2 Nxe2 32. c5 1-0

[Event "Titled Tue 26th Aug Late"]
[Site "chess.com INT"]
[Date "2025.08.26"]
[Round "6"]
[White "Fuentes, Agustin"]
[Black "Marn, Jan"]
[Result "0-1"]
[BlackTitle "FM"]
[WhiteElo "1924"]
[BlackElo "2378"]
[WhiteFideId "140040"]
[BlackFideId "14619245"]
[EventDate "2025.08.26"]

1. e4 e5 2. Nf3 Nc6 3. Bc4 Bc5 4. d3 Nf6 5. Bg5 h6 6. Bh4 d6 7. c3 a6 8. O-O Ba7
9. a4 g5 10. Bg3 Nd7 11. Nbd2 Nf8 12. b4 Ng6 13. d4 h5 14. Qb3 Qf6 15. dxe5 dxe5
16. Nxg5 Qxg5 17. Bxf7+ Ke7 18. Nf3 Qf6 19. Bxg6 Qxg6 20. Nxe5 Nxe5 21. Bxe5 Be6
22. Qc2 Rhg8 23. g3 h4 24. Bxc7 hxg3 25. Bxg3 Qxg3+ 26. hxg3 Rxg3+ 27. Kh2 Rg7
28. Qd3 Rh8+ 29. Qh3 Rxh3# 0-1

[Event "Titled Tue 26th Aug Late"]
[Site "chess.com INT"]
[Date "2025.08.26"]
[Round "6"]
[White "Maghsoodloo, Parham"]
[Black "Szpar, Milosz"]
[Result "1-0"]
[WhiteTitle "GM"]
[BlackTitle "GM"]
[WhiteElo "2695"]
[BlackElo "2490"]
[WhiteFideId "12539929"]
[BlackFideId "1184989"]
[EventDate "2025.08.26"]

1. c4 e6 2. Nc3 d5 3. d4 Be7 4. Nf3 Nf6 5. Bg5 h6 6. Bh4 dxc4 7. e3 c5 8. dxc5
Qxd1+ 9. Rxd1 Nbd7 10. c6 bxc6 11. Bxc4 Rb8 12. Rd2 Nb6 13. Be2 Nbd5 14. Bg3 Rb4
15. O-O O-O 16. Be5 Nd7 17. Bd4 a5 18. Rc1 Rb8 19. a3 Bb7 20. Na4 Ba8 21. Ne5
Nxe5 22. Bxe5 Rb3 23. h3 Rd8 24. Rcd1 Rc8 25. Rc2 c5 26. Rdc1 f6 27. Bg3 Bc6 28.
Nxc5 Bxc5 29. Rxc5 Rxb2 30. Ba6 1-0

[Event "Titled Tue 26th Aug Late"]
[Site "chess.com INT"]
[Date "2025.08.26"]
[Round "6"]
[White "Gasparyan, David"]
[Black "Zampronha, Wladimir Camilo"]
[Result "1-0"]
[WhiteElo "2194"]
[BlackElo "2157"]
[WhiteFideId "13311980"]
[BlackFideId "2103087"]
[EventDate "2025.08.26"]

1. d4 Nf6 2. Nf3 e6 3. Bg5 c5 4. e3 Be7 5. Nbd2 b6 6. c3 Bb7 7. Bd3 O-O 8. O-O
Nd5 9. Bxe7 Qxe7 10. a3 Nc6 11. Nc4 d6 12. Rc1 Rac8 13. Qe2 Rfd8 14. b4 cxd4 15.
cxd4 b5 16. Ncd2 a6 17. Nb3 e5 18. dxe5 dxe5 19. Nc5 Rc7 20. Nxb7 Rxb7 21. Rxc6
e4 22. Nd4 exd3 23. Qxd3 Rbd7 24. Rxa6 Rc7 25. Qxb5 Nxe3 26. Nc6 Rxc6 27. Rxc6
Nxf1 28. Qxf1 g6 29. h3 Qe4 30. Qc1 h5 31. Rc8 Rxc8 32. Qxc8+ Kh7 33. Qc3 1-0

[Event "Titled Tue 26th Aug Late"]
[Site "chess.com INT"]
[Date "2025.08.26"]
[Round "6"]
[White "Rizzo, Tobias"]
[Black "Murawski, Jan"]
[Result "0-1"]
[BlackTitle "CM"]
[WhiteElo "1955"]
[BlackElo "2189"]
[WhiteFideId "30942691"]
[BlackFideId "21009287"]
[EventDate "2025.08.26"]

1. Nf3 Nf6 2. g3 d5 3. Bg2 e6 4. O-O Be7 5. d3 O-O 6. Nbd2 c5 7. e4 Nc6 8. e5
Nd7 9. Re1 Qc7 10. Qe2 b5 11. h4 Bb7 12. Nf1 Rfc8 13. h5 h6 14. N1h2 Qd8 15. Ng4
Nf8 16. Bxh6 gxh6 17. Nxh6+ Kg7 18. Qe3 Nh7 19. Qf4 Qf8 20. g4 Nd4 21. g5 Nxf3+
22. Qxf3 Nxg5 23. Qg3 Kxh6 24. f4 Qg7 25. fxg5+ Qxg5 26. Qf3 Rg8 27. Kf2 Qh4+
28. Ke2 Qg4 29. Qxg4 Rxg4 30. Bf3 Rg5 31. Kd2 Rag8 32. Re2 Rf5 33. Bh1 Bg5+ 34.
Kc3 Bf4 35. d4 cxd4+ 36. Kxd4 Rc8 37. b3 b4 38. Rg1 Rc3 39. Rgg2 Be3+ 40. Rxe3
Rf4+ 41. Re4 Rxe4# 0-1

[Event "Titled Tue 26th Aug Late"]
[Site "chess.com INT"]
[Date "2025.08.26"]
[Round "6"]
[White "Caprio, Guido"]
[Black "Germanovs, Georgijs"]
[Result "0-1"]
[WhiteTitle "IM"]
[BlackTitle "CM"]
[WhiteElo "2435"]
[BlackElo "2260"]
[WhiteFideId "834580"]
[BlackFideId "11609710"]
[EventDate "2025.08.26"]

1. d4 Nf6 2. c4 c5 3. d5 b5 4. cxb5 a6 5. b6 d6 6. Nc3 Nbd7 7. a4 a5 8. e4 g6 9.
Nf3 Bg7 10. Bb5 O-O 11. O-O Qxb6 12. h3 Ba6 13. Bg5 Bxb5 14. axb5 h6 15. Be3
Rfb8 16. Nd2 Ne8 17. Nc4 Qd8 18. Ra2 h5 19. b6 Nxb6 20. Nxa5 Qc7 21. Qa1 Ra6 22.
Nc6 Rxa2 23. Qxa2 Ra8 24. Qb3 Bxc3 25. bxc3 Nf6 26. f3 e6 27. Rb1 Nbxd5 28. exd5
Nxd5 29. Bxc5 dxc5 30. c4 Qxc6 31. cxd5 exd5 32. Rd1 c4 33. Qc3 Qc5+ 34. Kh2 Rd8
35. Kh1 d4 36. Qe1 c3 37. Qh4 Qd6 38. Rc1 d3 0-1

[Event "Titled Tue 26th Aug Late"]
[Site "chess.com INT"]
[Date "2025.08.26"]
[Round "6"]
[White "Pribelszky, Bence"]
[Black "Arslanov, Shamil"]
[Result "0-1"]
[WhiteTitle "IM"]
[BlackTitle "IM"]
[WhiteElo "2428"]
[BlackElo "2410"]
[WhiteFideId "769738"]
[BlackFideId "4192826"]
[EventDate "2025.08.26"]

1. Nf3 d6 2. d4 Bg4 3. e4 e5 4. dxe5 Nc6 5. exd6 Bxd6 6. Nc3 Qe7 7. Be2 O-O-O 8.
O-O Bxf3 9. Bxf3 Bxh2+ 10. Kxh2 Qh4+ 11. Kg1 Rxd1 12. Rxd1 Ne5 13. Be2 Nf6 14.
f3 g5 15. Be3 g4 16. f4 Ng6 17. e5 g3 18. exf6 Re8 19. Nd5 Rxe3 20. Bg4+ Qxg4
21. Nxe3 Qxf4 22. Nd5 Qf2+ 23. Kh1 Qf5 24. Kg1 c6 25. Nc3 Qf2+ 26. Kh1 Qxf6 27.
Rf1 Qh4+ 28. Kg1 Qh2# 0-1

[Event "Titled Tue 26th Aug Late"]
[Site "chess.com INT"]
[Date "2025.08.26"]
[Round "6"]
[White "Leiva, Gianmarco"]
[Black "Chahin Godoy, Angel Eduardo"]
[Result "0-1"]
[WhiteTitle "IM"]
[BlackTitle "CM"]
[WhiteElo "2379"]
[BlackElo "2002"]
[WhiteFideId "3804399"]
[BlackFideId "8404925"]
[EventDate "2025.08.26"]

1. e4 c5 2. Nf3 d6 3. c3 Nf6 4. h3 Nc6 5. Bd3 e5 6. Bc2 Be7 7. O-O O-O 8. d4
cxd4 9. cxd4 exd4 10. Nxd4 d5 11. Nxc6 bxc6 12. Nc3 Be6 13. Be3 Rb8 14. b3 Qa5
15. exd5 cxd5 16. Ne2 Ne4 17. f3 Nc3 18. Nxc3 Qxc3 19. Bxa7 Ra8 20. Bd4 Bc5 21.
Bxc5 Qxc5+ 22. Kh1 Rfc8 23. Rc1 Qe3 24. Bb1 g6 25. Re1 Qf2 26. Rxc8+ Rxc8 27.
Re2 Qg3 28. Rc2 Rd8 29. Rd2 Rc8 30. Bd3 Re8 31. a4 Bxh3 32. Qe2 Rxe2 33. Rxe2
Bf5 34. Bxf5 gxf5 35. a5 d4 36. a6 d3 37. Ra2 d2 0-1